书目信息 |
| 题名: |
琵琶三十课
|
|
| 作者: | 林石诚 编著 | |
| 分册: | ||
| 出版信息: | 北京 人民音乐出版社 1982.4 |
|
| 页数: | 137页 | |
| 开本: | 26cm | |
| 丛书名: | ||
| 单 册: | ||
| 中图分类: | J623.9 | |
| 科图分类: | ||
| 主题词: | 器乐--理论 , 器乐--奏法 , 器乐--演奏 | |
| 电子资源: | ||
| ISBN: | ||
| 000 | 00559nam0 2200205 45 | |
| 001 | 0312221749 | |
| 005 | 20060802150809.59 | |
| 010 | @dCNY1.10 | |
| 100 | @a20031222d1982 km y0chiy0120 ea | |
| 101 | @achi | |
| 200 | 1 | @a琵琶三十课@APi Pa San Shi Ke@f林石诚编著@FLin Shi Cheng Bian Zhu |
| 210 | @a北京@c人民音乐出版社@d1982.4 | |
| 215 | @a137页@d26cm | |
| 606 | 0 | @a器乐@x理论 |
| 606 | 0 | @a器乐@x奏法 |
| 606 | 0 | @a器乐@x演奏 |
| 690 | @aJ623.9@v3 | |
| 701 | 0 | @a林石诚@4编著 |
| 801 | @aCN@bTSTCL@c20060802 | |
| 905 | @a213230@dJ623.9@e24@b207887@f1@b209349@f1 | |
| 琵琶三十课/林石诚编著.-北京:人民音乐出版社,1982.4 |
| 137页;26cm |
| ISBN :CNY1.10 |
| ● |
| 相关链接 |
|
|
|
|
正题名:琵琶三十课
索取号:J623.9/24
 
预约/预借
| 序号 | 登录号 | 条形码 | 馆藏地/架位号 | 状态 | 备注 |
| 1 | 0207887 | 001205065 | 第一样本阅览室/ [索取号:J623.9/24] | 在馆 | |
| 2 | 0209349 | 001205056 | 第一借阅区/ [索取号:J623.9/24] | 在馆 | |
| 3 | 0444276 | 204442763 | 密集书库/ [索取号:J623.9/24] | 在馆 |